<?xml version="1.0" encoding="UTF-8"?>
<marc:record xmlns:marc="http://www.loc.gov/MARC21/slim">
   <marc:leader>00000nam a2200000 a 4500</marc:leader>
   <marc:datafield ind1="1" ind2=" " tag="100">
      <marc:subfield code="a">Calepino, Ambrogio</marc:subfield>
      <marc:subfield code="4">aut</marc:subfield>
      <marc:subfield code="e">Verfasser/-in</marc:subfield>
   </marc:datafield>
   <marc:datafield ind1=" " ind2=" " tag="653">
      <marc:subfield code="a">f||Wörterbuch</marc:subfield>
   </marc:datafield>
   <marc:datafield ind1=" " ind2=" " tag="653">
      <marc:subfield code="a">s||Latein</marc:subfield>
   </marc:datafield>
   <marc:datafield ind1=" " ind2=" " tag="653">
      <marc:subfield code="a">g||Griechisch</marc:subfield>
   </marc:datafield>
   <marc:datafield ind1="0" ind2="0" tag="245">
      <marc:subfield code="a">Ambrosius Calepinus bergomates professor deuotissimus ordinis Eremitarum sancti Augustini: Dictionum latinarum: [et] graecarum i[n]terpres perspicacissimus: omniumq[ue] Cornucopiae vocabulorum i[n]sertor sagacissimus</marc:subfield>
   </marc:datafield>
   <marc:datafield ind1="0" ind2="0" tag="245">
      <marc:subfield code="b">ita: ut in unum coegerit volumen Nonium Marcellum: Festum Pompeium: Marcum Varronem: Seruiu[m]: Donatum: Vallensemq[ue]: [et] Suidae plurimum argiuo functus officio: litterariaq[ue] palestra</marc:subfield>
   </marc:datafield>
   <marc:datafield ind1=" " ind2="1" tag="264">
      <marc:subfield code="a">Venetiis</marc:subfield>
      <marc:subfield code="b">Alantsee</marc:subfield>
      <marc:subfield code="c">1513</marc:subfield>
   </marc:datafield>
   <marc:datafield ind1="1" ind2=" " tag="520">
      <marc:subfield code="a">Ercheinungsvermerk lt. Kolophon: Venetiis impensis Leonardi Alantsee Viennensis, typis vero Alexandri de Paganinis Brixiensis chalcographi diligentissimi feliciter excussum, anno, ab incarnatione Dominica. M.D.xiii. quartodecimo kalendas Iulias ...</marc:subfield>
   </marc:datafield>
   <marc:datafield ind1=" " ind2=" " tag="500">
      <marc:subfield code="a">Titelbl. in Rot- und Schwarzdr. - Teilw. in griech. Schr. - Bibliogr. Nachweis: EDIT 16 CNCE 8419</marc:subfield>
   </marc:datafield>
   <marc:datafield ind1=" " ind2=" " tag="300">
      <marc:subfield code="a">326 Bl. : Ill.; 33 cm</marc:subfield>
   </marc:datafield>
</marc:record>
